000
00269nam a22001097a 4500
082
_a
332.710967 VAS
100
_a
vasthoff, Josef
245
_a
small farm credit and development
260
_a
London
_b
Weltoforum verlag
_c
1968
300
_a
144p.
_b
ill, 21cm.
942
_c
BK
999
_c
15451
_d
15451